Bandeiras de países que fazem fronteira com a China - Statistics

Estatísticas Gerais
  • Esse quiz foi jogado 23 vezes
  • A pontuação média é 13 de 14
Estatísticas das Respostas
Imagem Resposta % Correto
Coreia do Norte
100%
Afeganistão
95%
Índia
95%
Mongólia
95%
Nepal
95%
Paquistão
95%
Rússia
95%
Butão
90%
Vietnã
90%
Cazaquistão
85%
Laos
85%
Myanmar
85%
Quirguistão
80%
Tajiquistão
70%
Nenhum quiz correspondente encontrado
Distribuição das Pontuações
Porcentagem de Pessoas com Cada Pontuação
Percentil de Números Respondidos
Sua Pontuação Histórica
Você não jogou esse quiz